Born in Bratislava - Statistics

General Stats
  • This quiz has been taken 23 times
    3 since last reset
  • The average score is 9 of 14
Answer Stats
Hint Answer % Correct
Football goalkeeper who plays for Bayer Leverkusen and the Finnish national team 1989 Lukas Hradecky
100%
President of Slovakia from 2019 to 2024 and first woman to hold the presidency 1973 Zuzana Čaputová
100%
Former ice hockey player (Nordiques) and first player born and trained in Slovakia to be drafted by an NHL team 1959 Anton Stastny
67%
Former tennis player and Australian Open finalist in 2014 1989 Dominika Cibulkova
67%
Prime Minister of Slovakia from 2021 to 2023 1976 Eduard Heger
67%
First female Prime Minister of Slovakia from 2010 to 2012 1956 Iveta Radicova
67%
Ice hockey goaltender who played 581 NHL games for several teams 1985 Jaroslav Halak
67%
Ice hockey defenceman who plays for the Washington Capitals 1999 Martin Fehérváry
67%
Hall of Fame Slovak-Canadian ice hockey player (Nordiques and Devils) and the second highest scorer of the 1980s, later served as member of the European Parliament from Slovakia from 2004 to 2014 1956 Peter Stastny
67%
Footballer who plays for Sydney FC and the Slovakian national team (former PAOK, Nürnberg and Zenit Saint Petersburg player) 1991 Róbert Mak
67%
Former footballer who played for Nürnberg, Lille, Slovan Bratislava and the Slovakian national team 1982 Robert Vittek
67%
Footballer who plays for Cagliari and the Slovak national team 2002 Adam Obert
33%
Prime Minister of Slovakia from 1991 to 1992 and longtime chairman of the Christian Democratic Movement 1944 Jan Carnogursky
33%
Hungarian-born German winner of the Nobel Prize of Physics and active proponent of the Nazi ideology 1862 Philipp Lenard
33%
No matching quizzes found
Score Distribution
Percent of People with Each Score
Percentile by Number Answered
Your Score History
You have not taken this quiz since the last reset